Trestné právo - novela zákona
Zmeny po novele zákona. Trestný zákon - posudzovanie trestnosti, pojmy prečin a zločin. Zásady ukladania trestov. Podmienečný odklad výkonu trestu odňatia slobody s probačným dohľadom. Podmienečné prepustenie z výkonu trestu odňatia slobody. Trestný čin a spôsoby jeho spáchania. Zákon o probačných a...
Salvato in:
| Autore principale: | |
|---|---|
| Natura: | Capitolo di libro |
| Lingua: | slovacco |
| Soggetti: | |
| Tags: |
Nessun Tag, puoi essere il primo ad aggiungerne!!
|
MARC
| LEADER | 00000naa a2200000 4500 | ||
|---|---|---|---|
| 001 | 0258331 | ||
| 005 | 20190918111620.7 | ||
| 041 | 0 | |a slo | |
| 044 | |a SK | ||
| 245 | 1 | 0 | |a Trestné právo - novela zákona |c Tibor Trizuliak |
| 520 | |a Zmeny po novele zákona. Trestný zákon - posudzovanie trestnosti, pojmy prečin a zločin. Zásady ukladania trestov. Podmienečný odklad výkonu trestu odňatia slobody s probačným dohľadom. Podmienečné prepustenie z výkonu trestu odňatia slobody. Trestný čin a spôsoby jeho spáchania. Zákon o probačných a mediačných úradníkoch. Zákon o trestnej zodpovednosti právnických osôb. | ||
| 610 | 2 | 0 | |a zákony |
| 610 | 2 | 0 | |a novelizácia |
| 610 | 2 | 0 | |a činy trestné |
| 610 | 2 | 0 | |a právo trestné |
| 610 | 2 | 0 | |a osoby fyzické |
| 610 | 2 | 0 | |a osoby právnické |
| 610 | 2 | 0 | |a súdy |
| 100 | 1 | |a Trizuliak, Tibor | |